Hostigamiento sexual en el empleo (Registro nro. 166420)
[ vista simple ]
| 000 -LEADER | |
|---|---|
| fixed length control field | 01030nam a22002417a 4500 |
| 007 - PHYSICAL DESCRIPTION FIXED FIELD--GENERAL INFORMATION | |
| fixed length control field | cr|||| |||| |
| 008 - FIXED-LENGTH DATA ELEMENTS--GENERAL INFORMATION | |
| fixed length control field | 181026s2018 pr |||||s|||| 00||0 spa d |
| 020 ## - INTERNATIONAL STANDARD BOOK NUMBER | |
| International Standard Book Number | 1-933897-09-0 |
| 035 ## - | |
| -- | 22069 |
| 040 ## - CATALOGING SOURCE | |
| Original cataloging agency | vLex |
| 090 ## - | |
| -- | 8183 |
| -- | 8183 |
| 100 1# - MAIN ENTRY--PERSONAL NAME | |
| Personal name | Ortega-Vélez, Ruth E. |
| 245 10 - TITLE STATEMENT | |
| Title | Hostigamiento sexual en el empleo |
| Medium | [Recurso electrónico] / |
| Statement of responsibility, etc | Ruth E. Ortega-Vélez |
| 256 ## - | |
| -- | Servicio en línea |
| 260 ## - PUBLICATION, DISTRIBUTION, ETC. (IMPRINT) | |
| Place of publication, distribution, etc | Barcelona: |
| Name of publisher, distributor, etc | Editorial vLex, |
| Date of publication, distribution, etc | 2018 |
| 300 ## - PHYSICAL DESCRIPTION | |
| Extent | 1 recurso electrónico |
| 506 1# - RESTRICTIONS ON ACCESS NOTE | |
| Terms governing access | Disponible solo en los productos indicados |
| Authorized users | vLex Global |
| -- | vLex Global (Academic Edition, excluding Law Schools) |
| -- | vLex Global (U.S. Academic Edition, Law Schools) |
| -- | vLex Global (U.S. Academic Edition, excluding Law Schools) |
| -- | vLex Global (Academic Edition, Law Schools) |
| 650 04 - SUBJECT ADDED ENTRY--TOPICAL TERM | |
| Topical term or geographic name as entry element | Derecho Laboral y Seguridad Social |
| Geographic subdivision | Puerto Rico |
| 740 0# - | |
| -- | vLex Libros (Servicio en línea) |
| 856 40 - LOCALIZACIÓN Y ACCESO ELECTRÓNICO | |
| Identificador Uniforme del Recurso (URI/URL) | https://app.vlex.com/#/sources/hostigamiento-sexual-en-el-empleo-22069 |
| 942 ## - | |
| -- | RAA |
| 999 ## - | |
| -- | 166420 |
| -- | 166420 |
No hay ítems disponibles.